书目信息 |
| 题名: |
日语句型标准表达
|
|
| 作者: | 乔国钧 , 李妍妍 编著 | |
| 分册: | ||
| 出版信息: | 大连 大连工学院出版社 2004.09 |
|
| 页数: | 466页 | |
| 开本: | 21cm | |
| 丛书名: | ||
| 单 册: | ||
| 中图分类: | H364.3 | |
| 科图分类: | ||
| 主题词: | 日语--句型 | |
| 电子资源: | ||
| ISBN: | 7-5611-2691-3 | |
| 000 | 00903nam0 2200265 450 | |
| 001 | 0151356890 | |
| 005 | 20050915104205.18 | |
| 010 | @a7-5611-2691-3@dCNY22.00 | |
| 100 | @a20050319d2004 km y0chiy0120 ea | |
| 101 | 0 | @achi@ajpn |
| 102 | @aCN@b210000 | |
| 105 | @ay z 001yy | |
| 200 | 1 | @a日语句型标准表达@Ari yu ju xing biao zhun biao da@d= 日本語表現文例@f乔国钧 … [等] 编著@Fqiao guo jun…[deng]bian zhu@zjpn |
| 210 | @a大连@c大连工学院出版社@d2004.09 | |
| 215 | @a466页@d21cm | |
| 304 | @a其他责任者还有:李妍妍。 | |
| 320 | @a有索引。 | |
| 330 | @a本书着力突出近义句型的归类与辨析、剖析并指明句型表义侧重点、勾勒句型使用上的习惯与禁忌等六个方面学习重点。 | |
| 510 | 1 | @a日本語表現文例@zjpn |
| 606 | 0 | @a日语@x句型 |
| 690 | @aH364.3@v4 | |
| 701 | 0 | @a乔国钧@Aqiao guo jun@4编著 |
| 701 | 0 | @a李妍妍@Ali yan yan@4编著 |
| 801 | 0 | @aCN@bQSSK@c20050915 |
| 905 | @a10447@dH364.3@eQ321 | |
| 日语句型标准表达= 日本語表現文例/乔国钧 … [等] 编著.-大连:大连工学院出版社,2004.09 |
| 466页;21cm |
| ISBN 7-5611-2691-3:CNY22.00 |
| 本书着力突出近义句型的归类与辨析、剖析并指明句型表义侧重点、勾勒句型使用上的习惯与禁忌等六个方面学习重点。 |
| ● |
| 相关链接 |
|
|
|
正题名:日语句型标准表达
索取号:H364.3/Q321
 
预约/预借
| 序号 | 登录号 | 条形码 | 馆藏地/架位号 | 状态 | 备注 |
| 1 | 564084 | 205640840 | 语言库209/209语言库 129排2列4层/ [索取号:H364.3/Q321] | 在馆 | |
| 2 | 564085 | 205640859 | 语言库209/209语言库 129排2列4层/ [索取号:H364.3/Q321] | 在馆 | |
| 3 | 564086 | 205640868 | 语言库209/209语言库 129排2列4层/ [索取号:H364.3/Q321] | 在馆 |